00734nam a2200217 a 450000100060000000300090000600800410001502000160005604000280007208200180010010000360011824500610015426000300021530000070024559000360025265000350028865000110032394200120033499900170034695201530036313872CO-ViMGA141112s2004 ck r 000 u spa d a84801312176 aCO-ViMGAbspacCO-ViMGA04a796.334 P433a1 aPidelaserra, Francesc R.92022310aAplicacion practica de entrenamiento integrado en futbol aMadrid : bGymnos, c1998 a87 aForma de adquisición : Compra14aENTRENAMIENTO DE FUTBOL91581114aFUTBOL 2ddccBK c24574d24574 00102ddc40708003aMEVIECARbMEVIECARd2015-12-04hVolumen. 1 | 11/jun/2009l0o796.334 P433a p13872r2015-12-04 00:00:00tEj. 1w2015-12-04yBK